Pays ayant des Center Parcs - Statistiques

Statistiques générales
  • Ce quiz a été pris 198 fois
    88 depuis la dernière actualisation
  • Le résultat moyen est 6 sur 7
Statistiques - réponses
Pays Nombre de domaines % Correct
France 7
100%
Allemagne 6
94%
Belgique 5
91%
Pays-Bas 9
84%
Royaume-Uni 5
80%
Danemark 1
62%
Irlande 1
44%
Aucun quiz correspondant
Distribution des résultats
% des personnes avec chaque résultat
Percentile par nombre de réponses
Votre historique - résultats
Vous n’avez pas pris ce quiz depuis la dernière actualisation